000 00645nam a22002297a 4500
001 7712
003 BD-RjUL
005 20211208234449.0
008 140115s2010 ii ||| |||| 001 0 eng d
035 _a(BD-RjUL)7756
040 _aBD-RjUL
_beng
_cBD-RjUL
041 _aeng
082 0 0 _222
_a346.0394
_bBAL
100 1 _aBangias,R.K
_924055
245 _aThe Law of Torts :
_bIncluding Motor Vehicals Act and Consumer Protection Act /
_cBangias,R.K
250 _a22 ed
260 _aHaryana :
_bAllahabad Law Agency,
_c2010
300 _a746p. ;
_c18cm
504 _aIncludes Index
650 _a Torts -- Australia.
_916411
942 _2ddc
_cBK
999 _c7712
_d7712